| 000 | 00714cam a22002533a 4500 | ||
|---|---|---|---|
| 001 | 31171 | ||
| 003 | PGUSA | ||
| 005 | 20140828083656.0 | ||
| 008 | 100203s2010||||xxu|||||s|||||000 | eng d | ||
| 040 |
_aPGUSA _beng |
||
| 042 | _adc | ||
| 050 | 4 | _aHX | |
| 100 | 1 |
_aHartshorne, Henry, _d1823-1897 |
|
| 245 | 1 | 0 |
_a1931 : _bA Glance at the Twentieth Century _h[electronic resource] / _cHenry Hartshorne |
| 260 |
_bProject Gutenberg, _c2010 |
||
| 506 | _aPublic domain in the USA. | ||
| 516 | _aElectronic text | ||
| 653 | _aProphecies | ||
| 653 | _aUtopias | ||
| 653 | _aTwentieth century -- Forecasts | ||
| 830 | 0 |
_aProject Gutenberg _v31171 |
|
| 856 | 4 | 0 | _uhttp://www.gutenberg.org/ebooks/31171 |
| 942 | _cEB | ||
| 999 |
_c260426 _d260426 |
||